[Event "Nopean shakin JSM 2020"]
[Site "?"]
[Date "2020.08.23"]
[Round "1"]
[White "Komulainen, Lauri"]
[Black "Sammalvuo, Tapani"]
[Result "0-1"]
[WhiteElo "1980"]
[BlackElo "2413"]
[PlyCount "112"]
[EventDate "2020.??.??"]
[SourceDate "2021.11.06"]
[SourceVersionDate "2021.11.06"]

1. d4 Nf6 2. c4 e6 3. Nf3 b6 4. a3 Ba6 5. e3 Be7 6. Nc3 O-O 7. Be2 d5 8. O-O c6
9. b3 Nbd7 10. Qc2 Rc8 11. e4 dxe4 12. Nxe4 c5 13. Bb2 Bb7 14. Bd3 cxd4 15.
Bxd4 Qc7 16. Rac1 Bxe4 17. Bxe4 Bxa3 18. Ra1 Bc5 19. Bc3 a5 20. h3 Nxe4 21.
Qxe4 Be7 22. Nd4 Nc5 23. Qc2 Bf6 24. Nb5 Qe7 25. Rfd1 Rfd8 26. Qb2 Bxc3 27.
Qxc3 e5 28. b4 Rxd1+ 29. Rxd1 axb4 30. Qxb4 Rd8 31. Rxd8+ Qxd8 32. Qe1 f6 33.
Qe3 Ne6 34. g3 g6 35. Qf3 Ng5 36. Qc6 Nxh3+ 37. Kg2 Ng5 38. Nc7 h5 39. Nd5 Kg7
40. Qxb6 Qxb6 41. Nxb6 Ne4 42. Kf3 Nc5 43. Ke3 f5 44. f4 exf4+ 45. Kxf4 Kf6 46.
Nd5+ Ke6 47. Nc7+ Kd7 48. Nd5 Ne4 49. Ne3 Ke6 50. Kf3 Ke5 51. Ng2 g5 52. Ne3
g4+ 53. Kg2 Nxg3 54. Kxg3 f4+ 55. Kf2 fxe3+ 56. Kxe3 h4 0-1

[Event "Nopean shakin JSM 2020"]
[Site "?"]
[Date "2020.08.23"]
[Round "1"]
[White "Vihinen, Teemu"]
[Black "Sipila, Vilka"]
[Result "0-1"]
[WhiteElo "2169"]
[BlackElo "2446"]
[PlyCount "58"]
[EventDate "2020.??.??"]
[SourceDate "2021.11.06"]
[SourceVersionDate "2021.11.06"]

1. e4 c6 2. d4 d5 3. exd5 cxd5 4. Bd3 Nc6 5. c3 Nf6 6. h3 e6 7. Nf3 Bd6 8. O-O
O-O 9. Re1 Qc7 10. Nbd2 Re8 11. Nf1 h6 12. Bc2 Bd7 13. Ne3 b5 14. a3 a5 15. Qd3
b4 16. axb4 axb4 17. Rxa8 Rxa8 18. Ng4 Ne4 19. c4 f5 20. Ne3 Ne7 21. Bb3 Qa5
22. Ne5 Bxe5 23. dxe5 Nc5 24. Qc2 d4 25. Nf1 Bc6 26. Qd1 Rd8 27. Ng3 d3 28. Be3
d2 29. Re2 Nxb3 0-1

[Event "Nopean shakin JSM 2020"]
[Site "?"]
[Date "2020.08.23"]
[Round "1"]
[White "Niemi, Kalle"]
[Black "Laakso, Harri"]
[Result "0-1"]
[WhiteElo "2292"]
[BlackElo "2145"]
[PlyCount "82"]
[EventDate "2020.??.??"]
[SourceDate "2021.11.06"]
[SourceVersionDate "2021.11.06"]

1. e4 e6 2. d4 d5 3. e5 c5 4. c3 Qb6 5. Nf3 Bd7 6. Be2 Bb5 7. dxc5 Bxc5 8. b4
Be7 9. O-O Bxe2 10. Qxe2 Nh6 11. Bxh6 gxh6 12. Nbd2 Nc6 13. a4 O-O-O 14. a5 Qc7
15. Nb3 a6 16. b5 axb5 17. a6 bxa6 18. Rxa6 Nb8 19. Ra2 Qc4 20. Qb2 Rd7 21.
Nbd4 Rb7 22. Rb1 b4 23. Ra4 Kd7 24. cxb4 Rc8 25. Nd2 Qc3 26. Qxc3 Rxc3 27. b5
Bc5 28. N2f3 Kc7 29. g3 Nd7 30. b6+ Rxb6 31. Nb5+ Rxb5 32. Rxb5 Rxf3 33. Ra2
Kc6 34. Rba5 Nxe5 35. Kg2 Rb3 36. Ra8 d4 37. Rc2 Rc3 38. Re2 Nc4 39. Rc8+ Kd5
40. f4 d3 41. Ra2 Rc2+ 0-1

[Event "Nopean shakin JSM 2020"]
[Site "?"]
[Date "2020.08.23"]
[Round "1"]
[White "Paronen, Petteri"]
[Black "Jarvenpaa, Jari"]
[Result "0-1"]
[WhiteElo "2027"]
[BlackElo "2278"]
[PlyCount "80"]
[EventDate "2020.??.??"]
[SourceDate "2021.11.06"]
[SourceVersionDate "2021.11.06"]

1. e4 c6 2. d4 d5 3. f3 e6 4. Be3 Nf6 5. Nc3 Be7 6. Qd2 b6 7. Nh3 Ba6 8. O-O-O
O-O 9. e5 Ne8 10. f4 Qd7 11. g4 Nc7 12. Bxa6 Nbxa6 13. Rhf1 f5 14. exf6 Bxf6
15. Ng1 Be7 16. Nf3 Bd6 17. Kb1 c5 18. Ne2 Nb4 19. c3 Nc6 20. Ng5 Be7 21. Nf3
Na5 22. Ne5 Qb5 23. h4 Bd6 24. Ng3 Bxe5 25. fxe5 Nc4 26. Qc1 Rxf1 27. Rxf1 Nxb2
28. Ka1 Nc4 29. Bg5 Rf8 30. Rxf8+ Kxf8 31. h5 cxd4 32. cxd4 Qb4 33. h6 g6 34.
Bf6 Ke8 35. Ne2 Nb5 36. Nf4 Nxd4 37. Nxg6 Ne2 38. Qc2 Qe1+ 39. Qb1 Qc3+ 40. Qb2
Qxb2# 0-1

[Event "Nopean shakin JSM 2020"]
[Site "?"]
[Date "2020.08.23"]
[Round "2"]
[White "Heinola, Vesa-Pekka"]
[Black "Agopov, Mikael"]
[Result "0-1"]
[WhiteElo "2324"]
[BlackElo "2446"]
[PlyCount "48"]
[EventDate "2020.??.??"]
[SourceDate "2021.11.06"]
[SourceVersionDate "2021.11.06"]

1. d4 Nf6 2. c4 e6 3. Nf3 d5 4. Nc3 Bb4 5. Bd2 O-O 6. e3 b6 7. cxd5 exd5 8. a3
Bd6 9. Rc1 a6 10. Qb3 Bb7 11. Bd3 Nbd7 12. O-O Qe7 13. Qc2 Ne4 14. Be1 f5 15.
Qb3 Ndf6 16. Ne2 Kh8 17. Bb4 c5 18. dxc5 bxc5 19. Ba5 c4 20. Bxc4 dxc4 21. Qxc4
Ng4 22. Bc7 Rac8 23. Bxd6 Qxd6 24. Qb3 Nd2 0-1

[Event "Nopean shakin JSM 2020"]
[Site "?"]
[Date "2020.08.23"]
[Round "2"]
[White "Sammalvuo, Tapani"]
[Black "Kauko, Jussi"]
[Result "1-0"]
[WhiteElo "2446"]
[BlackElo "2254"]
[PlyCount "85"]
[EventDate "2020.??.??"]
[SourceDate "2021.11.06"]
[SourceVersionDate "2021.11.06"]

1. d4 Nf6 2. c4 c5 3. d5 e6 4. Nc3 exd5 5. cxd5 d6 6. Nf3 g6 7. h3 Bg7 8. e4
Nh5 9. Bg5 Bf6 10. Bh6 Bg7 11. Bg5 Bf6 12. Be3 O-O 13. Be2 Re8 14. Nd2 Ng7 15.
O-O a6 16. a4 Nd7 17. a5 b5 18. axb6 Nxb6 19. Qc2 Qc7 20. Kh1 Bd4 21. Nb5 axb5
22. Bxd4 Bd7 23. Rxa8 Rxa8 24. b3 Ne8 25. Bb2 Ra2 26. Qb1 Qa7 27. Bf3 c4 28.
bxc4 Nxc4 29. Nxc4 bxc4 30. Bd4 Qa6 31. e5 dxe5 32. Bxe5 f6 33. Bd4 Bf5 34. Qb8
Qa8 35. Qf4 Qd8 36. Re1 Ra6 37. Bc3 Bd3 38. d6 Nxd6 39. Bxf6 Qa5 40. Re5 Qa1+
41. Kh2 Be4 42. Rxe4 Nxe4 43. Bxa1 1-0

[Event "Nopean shakin JSM 2020"]
[Site "?"]
[Date "2020.08.23"]
[Round "2"]
[White "Torkkola, Henri"]
[Black "Nyysti, Sampsa"]
[Result "1-0"]
[WhiteElo "2187"]
[BlackElo "2362"]
[PlyCount "118"]
[EventDate "2020.??.??"]
[SourceDate "2021.11.06"]
[SourceVersionDate "2021.11.06"]

1. d4 Nf6 2. e3 e6 3. Bd3 b6 4. f4 Bb7 5. Nf3 c5 6. c3 g6 7. Nbd2 cxd4 8. cxd4
Bg7 9. O-O O-O 10. e4 Ba6 11. Bxa6 Nxa6 12. Qe2 Qc8 13. b3 Qb7 14. Ba3 Rfc8 15.
Rac1 Rxc1 16. Rxc1 Rc8 17. Rxc8+ Qxc8 18. Ne5 Nb8 19. Ndc4 Ne8 20. f5 Qc7 21.
fxg6 fxg6 22. h4 Nc6 23. Nxc6 dxc6 24. e5 Qd8 25. Qg4 Qd7 26. Qf4 Nc7 27. Bd6
Nd5 28. Qf3 h5 29. Nd2 Qf7 30. Ne4 Qxf3 31. gxf3 Bh6 32. Ng5 Bxg5 33. hxg5 Kf7
34. Kg2 Nf4+ 35. Kf2 Nh3+ 36. Kg3 Nxg5 37. Bb8 a6 38. Ba7 b5 39. Bc5 Nh7 40. a4
Nf8 41. axb5 cxb5 42. f4 Nd7 43. Bd6 Nb6 44. b4 Nc4 45. Bc5 a5 46. bxa5 Nxa5
47. Kf3 Nc6 48. Ke4 Ne7 49. Bb4 Nd5 50. Be1 b4 51. Bg3 b3 52. Kd3 Kg7 53. Bh2
Kh6 54. Bg3 g5 55. fxg5+ Kxg5 56. Bf2 h4 57. Bg1 Kg4 58. Bh2 Kh3 59. Bg1 Kg2
1-0

[Event "Nopean shakin JSM 2020"]
[Site "?"]
[Date "2020.08.23"]
[Round "2"]
[White "Paakkonen, Timo"]
[Black "Salonen, Mikko"]
[Result "0-1"]
[WhiteElo "2242"]
[BlackElo "2096"]
[PlyCount "88"]
[EventDate "2020.??.??"]
[SourceDate "2021.11.06"]
[SourceVersionDate "2021.11.06"]

1. e4 e5 2. Nc3 Nf6 3. f4 d5 4. fxe5 Nxe4 5. Nf3 Bc5 6. d4 Bb4 7. Bd2 Nxd2 8.
Qxd2 Be6 9. Bd3 c5 10. a3 Bxc3 11. bxc3 c4 12. Be2 h6 13. O-O O-O 14. Rf2 Nd7
15. Raf1 b5 16. h3 Qe7 17. Qc1 a5 18. Nh2 f6 19. exf6 Rxf6 20. Bg4 Rxf2 21.
Rxf2 Bxg4 22. Nxg4 Re8 23. Qf4 Rf8 24. Qe3 Qxe3 25. Nxe3 Rxf2 26. Kxf2 Nf6 27.
Kf3 Kf7 28. Nf5 Ne4 29. Kf4 Kf6 30. g4 Nxc3 31. Nd6 b4 32. axb4 axb4 33. Ke3
Ke6 34. Nb7 Ne4 35. Nd8+ Kd6 36. Nf7+ Kc6 37. h4 Kb5 38. Ne5 b3 39. cxb3 cxb3
40. Kd3 Kb4 41. Nc6+ Ka3 42. Ne7 b2 43. Nxd5 b1=Q+ 44. Kc4 Qb3# 0-1

[Event "Nopean shakin JSM 2020"]
[Site "?"]
[Date "2020.08.23"]
[Round "2"]
[White "Sipila, Vilka"]
[Black "Ristoja, Jan"]
[Result "1-0"]
[WhiteElo "2446"]
[BlackElo "2234"]
[PlyCount "81"]
[EventDate "2020.??.??"]
[SourceDate "2021.11.06"]
[SourceVersionDate "2021.11.06"]

1. e4 c5 2. d4 cxd4 3. Nf3 Nc6 4. Nxd4 Nf6 5. Nc3 e5 6. Ndb5 h6 7. Nd5 Nxd5 8.
exd5 a6 9. dxc6 axb5 10. cxd7+ Bxd7 11. Bd3 Bc5 12. O-O Bc6 13. Qg4 Qf6 14. c3
h5 15. Qe2 b4 16. cxb4 Bxb4 17. Be3 Kf8 18. f4 e4 19. Bc4 Re8 20. Rad1 h4 21.
h3 Qf5 22. a3 Bc5 23. b4 Bxe3+ 24. Qxe3 b5 25. Rd6 Rh6 26. Rxh6 gxh6 27. Be2
Ra8 28. Qc3 Bd5 29. Bxb5 e3 30. Bd3 Be4 31. Be2 Qg6 32. Bf3 e2 33. Re1 Bxf3 34.
Qxf3 Qa6 35. Rxe2 Qxa3 36. Qe4 Qa7+ 37. Kh2 Kg7 38. Qe5+ Kg8 39. Qf6 Qb7 40.
Qxh6 Qxb4 41. Re5 1-0

[Event "Nopean shakin JSM 2020"]
[Site "?"]
[Date "2020.08.23"]
[Round "2"]
[White "Ristoja, Samu"]
[Black "Niemi, Kalle"]
[Result "1/2-1/2"]
[WhiteElo "2205"]
[BlackElo "2292"]
[PlyCount "38"]
[EventDate "2020.??.??"]
[SourceDate "2021.11.06"]
[SourceVersionDate "2021.11.06"]

1. e4 c6 2. Nc3 d5 3. Nf3 dxe4 4. Nxe4 Nf6 5. Qe2 Bg4 6. h3 Bh5 7. Nxf6+ gxf6
8. d3 e6 9. Bd2 Na6 10. g4 Bg6 11. Nh4 f5 12. Nxg6 hxg6 13. Bg2 Bg7 14. gxf5
gxf5 15. c3 Qa5 16. d4 O-O-O 17. Rg1 Bf6 18. Qc4 Nc7 19. O-O-O Nd5 1/2-1/2

[Event "Nopean shakin JSM 2020"]
[Site "?"]
[Date "2020.08.23"]
[Round "2"]
[White "Jarvenpaa, Jari"]
[Black "Tumanov, Dmitri"]
[Result "1-0"]
[WhiteElo "2278"]
[BlackElo "2179"]
[PlyCount "167"]
[EventDate "2020.??.??"]
[SourceDate "2021.11.06"]
[SourceVersionDate "2021.11.06"]

1. c4 c5 2. g3 Nf6 3. Bg2 g6 4. Nc3 Bg7 5. Nf3 O-O 6. d4 cxd4 7. Nxd4 Nc6 8.
O-O e6 9. Ndb5 a6 10. Nd6 Ne8 11. Nce4 Nxd6 12. Nxd6 b5 13. c5 Rb8 14. Rb1 a5
15. Bf4 Ba6 16. Qd2 b4 17. Rfe1 e5 18. Be3 a4 19. b3 axb3 20. axb3 Nd4 21. Bxd4
exd4 22. Ra1 Bb5 23. Rac1 d3 24. Nxb5 Rxb5 25. Qxd3 Qa5 26. Qxd7 Rxc5 27. Rxc5
Qxc5 28. Bd5 Bc3 29. Rd1 Kg7 30. Rd3 Qc8 31. Qd6 Rd8 32. Qf4 Rd7 33. e4 Qc7 34.
Qg4 Qa7 35. Kg2 Re7 36. h4 h5 37. Qf3 Qc7 38. Qe3 Qa7 39. Rxc3 bxc3 40. Qxc3+
f6 41. b4 Rc7 42. Qb2 Qb6 43. e5 Rd7 44. Ba2 fxe5 45. Qxe5+ Qf6 46. Qe3 Rb7 47.
Qb3 Qc6+ 48. Kh2 Qf6 49. Kg1 Rb5 50. Qc4 Rf5 51. Qc2 Qb6 52. Qb2+ Kh7 53. Bc4
Qf6 54. Qd2 Qc6 55. Bf1 Rd5 56. Qf4 Rd7 57. b5 Qc7 58. Qg5 Rf7 59. Bd3 Qb6 60.
Qxh5+ Kg7 61. Qe5+ Kh7 62. Qe2 Kg7 63. Kg2 Qb7+ 64. Kg1 Qa7 65. Be4 Qa1+ 66.
Kg2 Qd4 67. Bf3 Qc3 68. Qe4 Qc5 69. Qe2 Re7 70. Qb2+ Kh7 71. b6 Re6 72. b7 Rb6
73. Qa2 Qc7 74. Qa8 Kg7 75. Qe8 Rxb7 76. Bxb7 Qxb7+ 77. Kh2 Qa7 78. Qe5+ Kh7
79. Qf4 Qe7 80. Qf3 Kg7 81. h5 g5 82. Qf5 Qd8 83. Qg6+ Kh8 84. h6 1-0

[Event "Nopean shakin JSM 2020"]
[Site "?"]
[Date "2020.08.23"]
[Round "2"]
[White "Kiili, Markus"]
[Black "Topi-Hulmi, Teemu"]
[Result "0-1"]
[WhiteElo "2161"]
[BlackElo "2276"]
[PlyCount "114"]
[EventDate "2020.??.??"]
[SourceDate "2021.11.06"]
[SourceVersionDate "2021.11.06"]

1. e4 c5 2. Nf3 Nc6 3. Bb5 e6 4. Bxc6 bxc6 5. d3 Ne7 6. Bd2 Ng6 7. h4 h5 8. e5
Be7 9. Bc3 f6 10. Qe2 fxe5 11. Nxe5 Nxe5 12. Bxe5 Bf6 13. Nd2 d6 14. Bxf6 Qxf6
15. Nc4 Ke7 16. O-O-O e5 17. Qe4 Bd7 18. Rhf1 Raf8 19. f4 Qh6 20. g3 Kd8 21.
Na5 Kc7 22. Kb1 exf4 23. gxf4 Qf6 24. Qa4 Rb8 25. Nc4 Kb7 26. b3 Ka8 27. Qa6
Rb7 28. Rde1 Re8 29. Rxe8+ Bxe8 30. Na5 Rc7 31. Re1 Bd7 32. Nc4 Kb8 33. Rg1
Qxf4 34. Rg6 d5 35. Na5 Qf7 36. Nxc6+ Bxc6 37. Rxc6 Rxc6 38. Qxc6 Qf1+ 39. Kb2
Qf6+ 40. Qxf6 gxf6 41. Kc3 Kc7 42. b4 cxb4+ 43. Kxb4 Kd6 44. Kc3 Ke5 45. Kd2 d4
46. c4 dxc3+ 47. Kxc3 f5 48. Kd2 Kd4 49. a3 a5 50. a4 f4 51. Ke2 Kc3 52. Kf3
Kb4 53. Kxf4 Kxa4 54. d4 Kb5 55. Ke5 a4 56. d5 a3 57. d6 a2 0-1

[Event "Nopean shakin JSM 2020"]
[Site "?"]
[Date "2020.08.23"]
[Round "3"]
[White "Agopov, Mikael"]
[Black "Ronka, Erik"]
[Result "1/2-1/2"]
[WhiteElo "2446"]
[BlackElo "2294"]
[PlyCount "132"]
[EventDate "2020.??.??"]
[SourceDate "2021.11.06"]
[SourceVersionDate "2021.11.06"]

1. e4 c6 2. d4 d5 3. e5 c5 4. dxc5 e6 5. a3 Nc6 6. Nf3 Bxc5 7. b4 Bb6 8. Bd3
Nge7 9. O-O Ng6 10. Re1 f6 11. Bxg6+ hxg6 12. Qd3 Nxe5 13. Nxe5 fxe5 14. Qxg6+
Kf8 15. Bg5 Qe8 16. Qxe8+ Kxe8 17. Nd2 Bd7 18. c4 e4 19. Bf4 Kf7 20. Rad1 Ba4
21. Rc1 Rhc8 22. c5 Bd8 23. f3 b6 24. fxe4 bxc5 25. exd5 cxb4 26. dxe6+ Kf6 27.
Ne4+ Kg6 28. Rxc8 Rxc8 29. axb4 Bb6+ 30. Kh1 Rc4 31. Bd6 Bc6 32. e7 Be3 33. Ng3
Rc2 34. Ne2 Bf2 35. Nf4+ Kf7 36. Rf1 Bb5 37. Rd1 g5 38. Nd5 Bc6 39. Nc7 Bb6 40.
e8=Q+ Bxe8 41. Rf1+ Rf2 42. Rxf2+ Bxf2 43. Nxe8 Kxe8 44. g4 a6 45. Kg2 Be1 46.
Kf3 Kd7 47. Bc5 Ke6 48. Ke4 Bc3 49. Be3 Bf6 50. Bd4 Be7 51. Bc3 Bd6 52. h3 Be7
53. Kd4 Kd6 54. Bd2 Bf6+ 55. Kc4 Kc6 56. Be3 Be7 57. Bd2 Bf6 58. Bc3 Be7 59.
Kd4 Kd6 60. Be1 Bf6+ 61. Ke4 Ke6 62. Bf2 Be7 63. Be3 Bf6 64. Bd2 Be7 65. Bc3
Bd6 66. Bd2 Be7 1/2-1/2

[Event "Nopean shakin JSM 2020"]
[Site "?"]
[Date "2020.08.23"]
[Round "3"]
[White "Kokkila, Tero"]
[Black "Sammalvuo, Tapani"]
[Result "1-0"]
[WhiteElo "2327"]
[BlackElo "2413"]
[PlyCount "99"]
[EventDate "2020.??.??"]
[SourceDate "2021.11.06"]
[SourceVersionDate "2021.11.06"]

1. e4 e5 2. Nf3 Nf6 3. Nxe5 d6 4. Nf3 Nxe4 5. Nc3 Nxc3 6. dxc3 Be7 7. Be3 O-O
8. Qd2 Nd7 9. O-O-O Nf6 10. h3 c5 11. Kb1 Be6 12. Ng5 Bd7 13. Be2 Bc6 14. Bf3
d5 15. h4 Qd7 16. Rhg1 Rad8 17. g4 Rfe8 18. Nh3 d4 19. Bxc6 bxc6 20. cxd4 Qb7
21. Qc3 Rb8 22. dxc5 Ne4 23. Qa3 Nxc5 24. Bxc5 Bxc5 25. Qb3 Qc7 26. Qc3 Bb4 27.
Qc4 Ba3 28. b3 a5 29. Rge1 Re5 30. Ng5 Rxe1 31. Rxe1 h6 32. Nf3 Qb6 33. Nd4 Bc5
34. Nf5 Rd8 35. Qc3 Bf8 36. a4 Qxf2 37. Qxa5 g6 38. Ne7+ Kh7 39. Nxc6 Rd2 40.
Rc1 Ba3 41. Qc3 Bxc1 42. Kxc1 Rd6 43. b4 Qg2 44. b5 Qxg4 45. a5 Qf4+ 46. Kb2
Qxh4 47. a6 Rd1 48. a7 Qh1 49. a8=Q Rb1+ 50. Ka2 1-0

[Event "Nopean shakin JSM 2020"]
[Site "?"]
[Date "2020.08.23"]
[Round "3"]
[White "Nyysti, Sampsa"]
[Black "Koskinen, Henri"]
[Result "1-0"]
[WhiteElo "2362"]
[BlackElo "2256"]
[PlyCount "133"]
[EventDate "2020.??.??"]
[SourceDate "2021.11.06"]
[SourceVersionDate "2021.11.06"]

1. e4 e5 2. Nf3 Nc6 3. d4 exd4 4. Nxd4 Bb4+ 5. c3 Bc5 6. Be3 Bb6 7. Nf5 Bxe3 8.
Nxe3 Nf6 9. Bd3 O-O 10. O-O Re8 11. f3 d6 12. c4 Ne5 13. Be2 c6 14. Rf2 Qb6 15.
Qb3 g6 16. Qxb6 axb6 17. Nc3 Kf8 18. Rd1 Ke7 19. Bf1 Rd8 20. h3 Ne8 21. g3 f6
22. f4 Nf7 23. Bg2 Nc7 24. b3 Bd7 25. Re2 Na6 26. Na4 Nc5 27. Nxb6 Ra6 28. Nxd7
Rxd7 29. Rdd2 Rd8 30. Nd1 Ne6 31. Nc3 Kf8 32. Kf2 h5 33. Bf3 h4 34. Bg4 hxg3+
35. Kxg3 Ng7 36. h4 Raa8 37. Kf3 Ra5 38. Rg2 f5 39. Bh3 fxe4+ 40. Nxe4 Nf5 41.
Bxf5 Rxf5 42. Ng3 Ra5 43. Rge2 d5 44. cxd5 Raxd5 45. Rxd5 Rxd5 46. Ne4 Rd3+ 47.
Re3 Rd1 48. Ng5 Nd6 49. Re6 Nf5 50. Ke2 Ra1 51. Rxg6 Rxa2+ 52. Kd3 Nxh4 53. Rh6
Ng2 54. f5 Nf4+ 55. Ke4 Nd5 56. f6 Nxf6+ 57. Rxf6+ Ke7 58. Rf7+ Kd6 59. Rxb7
Rb2 60. Kd3 c5 61. Kc3 Rg2 62. Ne4+ Kc6 63. Re7 Rh2 64. Re5 Kb6 65. Rxc5 Rh3+
66. Kc4 Re3 67. Re5 1-0

[Event "Nopean shakin JSM 2020"]
[Site "?"]
[Date "2020.08.23"]
[Round "3"]
[White "Paasikangas, Johanna"]
[Black "Kosmo, Santul"]
[Result "1-0"]
[WhiteElo "2162"]
[BlackElo "2232"]
[PlyCount "129"]
[EventDate "2020.??.??"]
[SourceDate "2021.11.06"]
[SourceVersionDate "2021.11.06"]

1. d4 Nf6 2. c4 c5 3. d5 e6 4. Nc3 exd5 5. cxd5 d6 6. Nf3 g6 7. g3 Bg7 8. Bg2
O-O 9. O-O Re8 10. Re1 a6 11. a4 Nbd7 12. Bf4 Nh5 13. Bg5 Qc7 14. Qc2 Rb8 15.
a5 b5 16. axb6 Rxb6 17. e4 Ne5 18. Nxe5 Bxe5 19. Rab1 Bd7 20. Bd2 Reb8 21. Bf1
Bb5 22. Nxb5 axb5 23. Ba5 c4 24. Bxb6 Qxb6 25. Ra1 Nf6 26. Ra2 h5 27. Kg2 h4
28. Qd2 Kg7 29. Raa1 Rh8 30. Rad1 Qc5 31. Qe2 Qc8 32. Kg1 hxg3 33. hxg3 Qc5 34.
Qe3 Qxe3 35. Rxe3 Bxb2 36. Kg2 c3 37. Bd3 b4 38. Bc2 Ng4 39. Re2 Ne5 40. Rd4
Rb8 41. f4 Nd7 42. Rc4 Nc5 43. e5 b3 44. Bxb3 Rxb3 45. exd6 Nd7 46. Rc7 Nf6 47.
d7 Nxd7 48. Rxd7 Rb6 49. Rc7 Rd6 50. Rc5 Kf6 51. Kf3 g5 52. Rc6 Ba3 53. Rxd6+
Bxd6 54. Ke4 gxf4 55. gxf4 Kg6 56. Rc2 Bb4 57. Ke5 Kh5 58. d6 Kg4 59. d7 Ba5
60. Kf6 Kxf4 61. Kxf7 Ke4 62. Rxc3 Kd5 63. Rd3+ Kc6 64. d8=Q Bxd8 65. Rxd8 1-0

[Event "Nopean shakin JSM 2020"]
[Site "?"]
[Date "2020.08.23"]
[Round "3"]
[White "Keinanen, Toivo"]
[Black "Sipila, Vilka"]
[Result "1/2-1/2"]
[WhiteElo "2512"]
[BlackElo "2446"]
[PlyCount "143"]
[EventDate "2020.??.??"]
[SourceDate "2021.11.06"]
[SourceVersionDate "2021.11.06"]

1. d4 f5 2. c4 Nf6 3. Nc3 g6 4. h4 d6 5. Bg5 Bg7 6. Bxf6 Bxf6 7. e4 c5 8. dxc5
fxe4 9. cxd6 exd6 10. h5 Bxc3+ 11. bxc3 Qf6 12. Qd4 O-O 13. Qxf6 Rxf6 14. hxg6
hxg6 15. Ne2 Nd7 16. Ng3 Nc5 17. Be2 Bd7 18. O-O Bc6 19. Rad1 Re8 20. Rd4 Kf7
21. Re1 Re5 22. Nf1 Ke7 23. Ne3 Rf8 24. Red1 Rd8 25. Bg4 Na4 26. Rc1 Nb6 27.
Rcd1 Na4 28. Rc1 Rf8 29. Bd1 Nc5 30. Bc2 Ne6 31. Rd2 Nf4 32. Re1 Ra5 33. Bb1
Kd7 34. Rd4 Ne6 35. Rd2 Rh8 36. Nd5 Bxd5 37. cxd5 Nf4 38. Bxe4 Re8 39. Re3 Re5
40. Bf3 Rc5 41. g3 Nh3+ 42. Kg2 Ng5 43. Bg4+ Kc7 44. Rxe5 dxe5 45. d6+ Kd8 46.
Rd1 Rc4 47. Be2 Rxc3 48. Bd3 e4 49. Bb1 Kd7 50. Rd5 Rc1 51. Rxg5 Rxb1 52. Rxg6
Rb2 53. Kf1 Rxa2 54. Rg7+ Kxd6 55. Rxb7 a5 56. Rb5 a4 57. Ra5 a3 58. g4 Ke6 59.
Kg1 Kf6 60. Kf1 Kg6 61. Kg1 Kf6 62. Kf1 Kg6 63. Ra4 Kg5 64. Rxe4 Rb2 65. Ra4 a2
66. Kg2 Kh4 67. Kf3 Rb3+ 68. Kg2 Rb2 69. Kf3 Rb3+ 70. Kg2 Rb2 71. Kf3 Rb3+ 72.
Ke4 1/2-1/2

[Event "Nopean shakin JSM 2020"]
[Site "?"]
[Date "2020.08.23"]
[Round "3"]
[White "Niemi, Kalle"]
[Black "Hentunen, Asko"]
[Result "1/2-1/2"]
[WhiteElo "2292"]
[BlackElo "2275"]
[PlyCount "142"]
[EventDate "2020.??.??"]
[SourceDate "2021.11.06"]
[SourceVersionDate "2021.11.06"]

1. e4 c5 2. Nf3 g6 3. d4 Bg7 4. dxc5 Qa5+ 5. c3 Qxc5 6. Na3 Nf6 7. Be3 Qa5 8.
Nc4 Qc7 9. e5 Ng4 10. Bd4 Nc6 11. e6 f6 12. exd7+ Bxd7 13. h3 Nh6 14. Bd3 Nxd4
15. cxd4 O-O 16. O-O Bc6 17. Qe2 Rad8 18. Ncd2 Nf7 19. Rfe1 Rfe8 20. Rad1 Qb6
21. Bc4 Bd5 22. b3 a6 23. Ne4 Qc6 24. Bxd5 Rxd5 25. Rc1 Qb6 26. Nc3 Rdd8 27.
Na4 Qa7 28. Nc5 e5 29. dxe5 fxe5 30. Qc4 b5 31. Qh4 a5 32. Ne4 Qb6 33. Rcd1 h6
34. Qg4 g5 35. h4 gxh4 36. Nxh4 Kf8 37. Nf5 Bh8 38. Nh4 Qe6 39. Qxe6 Rxe6 40.
Rxd8+ Nxd8 41. Rd1 Nf7 42. Rd7 a4 43. bxa4 bxa4 44. Ra7 Rb6 45. Rxa4 Bf6 46.
Nxf6 Rxf6 47. Nf3 Rb6 48. Ra5 e4 49. Nd2 Ng5 50. Ra4 Rb2 51. Nxe4 Nxe4 52. Rxe4
Rxa2 53. Re6 Kg7 54. g3 Rb2 55. Kg2 Rb3 56. g4 Rb4 57. Kg3 Rb3+ 58. f3 Ra3 59.
Kf4 Ra5 60. Re5 Ra4+ 61. Kf5 Ra7 62. Rb5 Rc7 63. Kf4 Rf7+ 64. Kg3 Kg6 65. f4
Rc7 66. Rb6+ Kg7 67. Kh4 Rc1 68. Rb7+ Kf6 69. g5+ hxg5+ 70. fxg5+ Kg6 71. Rb6+
Kg7 1/2-1/2

[Event "Nopean shakin JSM 2020"]
[Site "?"]
[Date "2020.08.23"]
[Round "3"]
[White "Lahdelma, Henri"]
[Black "Jarvenpaa, Jari"]
[Result "1-0"]
[WhiteElo "2274"]
[BlackElo "2278"]
[PlyCount "87"]
[EventDate "2020.??.??"]
[SourceDate "2021.11.06"]
[SourceVersionDate "2021.11.06"]

1. d4 Nf6 2. c4 e6 3. Nf3 Bb4+ 4. Bd2 Qe7 5. e3 O-O 6. Be2 b6 7. O-O Bxd2 8.
Nfxd2 d5 9. Nc3 Rd8 10. Qc2 Bb7 11. Bf3 Nbd7 12. cxd5 exd5 13. Qf5 Nf8 14. Rfe1
Ng6 15. g3 Qd7 16. Qxd7 Rxd7 17. b4 a6 18. a4 Re8 19. a5 Ne4 20. Ndxe4 dxe4 21.
Be2 b5 22. Rec1 Ne7 23. Na2 Bd5 24. Rc5 Bxa2 25. Rxa2 Nd5 26. Rb2 Rd6 27. Bd1
Kf8 28. Bc2 g6 29. Bb1 c6 30. Ba2 Ree6 31. Bxd5 Rxd5 32. Rxd5 cxd5 33. Rc2 Ke8
34. Rc7 h5 35. g4 hxg4 36. Kg2 f5 37. Kg3 g5 38. Rg7 f4+ 39. exf4 e3 40. fxe3
Rxe3+ 41. Kxg4 gxf4 42. Ra7 Re4 43. Rxa6 Rxd4 44. Rd6 1-0

[Event "Nopean shakin JSM 2020"]
[Site "?"]
[Date "2020.08.23"]
[Round "3"]
[White "Topi-Hulmi, Teemu"]
[Black "Wartiovaara, Oliver"]
[Result "1-0"]
[WhiteElo "2276"]
[BlackElo "2239"]
[PlyCount "63"]
[EventDate "2020.??.??"]
[SourceDate "2021.11.06"]
[SourceVersionDate "2021.11.06"]

1. e4 e6 2. d4 d5 3. exd5 exd5 4. c4 Bb4+ 5. Nc3 Nf6 6. Bd3 O-O 7. Nge2 dxc4 8.
Bxc4 h6 9. O-O Nbd7 10. Qd3 c6 11. Re1 b5 12. Bb3 Nc5 13. Qf3 Nxb3 14. axb3 Bb7
15. Bf4 Re8 16. Be5 Nd7 17. Ng3 Nxe5 18. dxe5 Qg5 19. Qe4 a5 20. f4 Qg4 21. Nf5
Rab8 22. h3 Qg6 23. Nd6 Bc5+ 24. Kh2 Bxd6 25. Qxg6 fxg6 26. exd6 Rf8 27. Rxa5
Rxf4 28. d7 Rff8 29. Ra7 Ba8 30. Ne4 Rbd8 31. Nc5 Kf7 32. Ne6 1-0

[Event "Nopean shakin JSM 2020"]
[Site "?"]
[Date "2020.08.23"]
[Round "4"]
[White "Ronka, Erik"]
[Black "Keinanen, Toivo"]
[Result "1/2-1/2"]
[WhiteElo "2294"]
[BlackElo "2512"]
[PlyCount "30"]
[EventDate "2020.??.??"]
[SourceDate "2021.11.06"]
[SourceVersionDate "2021.11.06"]

1. e4 e6 2. d4 d5 3. Nc3 Nf6 4. e5 Nfd7 5. f4 c5 6. Nf3 Nc6 7. Be3 cxd4 8. Nxd4
Bc5 9. Qd2 Bxd4 10. Bxd4 Nxd4 11. Qxd4 Qb6 12. Qd2 Qxb2 13. Rb1 Qa3 14. Nb5
Qxa2 15. Nd6+ Ke7 1/2-1/2

[Event "Nopean shakin JSM 2020"]
[Site "?"]
[Date "2020.08.23"]
[Round "4"]
[White "Hentunen, Asko"]
[Black "Kokkila, Tero"]
[Result "1-0"]
[WhiteElo "2275"]
[BlackElo "2327"]
[PlyCount "77"]
[EventDate "2020.??.??"]
[SourceDate "2021.11.06"]
[SourceVersionDate "2021.11.06"]

1. c4 Nf6 2. g3 c6 3. Nf3 d5 4. b3 Bg4 5. Bb2 e6 6. Bg2 Nbd7 7. O-O Be7 8. d3
O-O 9. Nbd2 a5 10. Qc2 Re8 11. e4 dxe4 12. dxe4 Nc5 13. e5 Bf5 14. Qc3 Nfe4 15.
Nxe4 Nxe4 16. Qe3 Nc5 17. Nd4 Bg6 18. f4 Qb6 19. g4 Rad8 20. f5 exf5 21. gxf5
Bh5 22. Kh1 Na4 23. bxa4 Qxb2 24. Nb3 Bb4 25. e6 Qe2 26. Qb6 fxe6 27. Qxb7 Qxc4
28. Qxc6 Qxc6 29. Bxc6 Re7 30. fxe6 Rxe6 31. Bb5 Be2 32. Rf2 Bxb5 33. axb5 a4
34. a3 Re1+ 35. Rxe1 Bxe1 36. Rf1 axb3 37. Rxe1 b2 38. Rb1 Ra8 39. Rxb2 1-0